| 000 | 00636nam a2200241Ia 4500 | ||
|---|---|---|---|
| 001 | 39167 | ||
| 005 | 20240114002041.0 | ||
| 007 | ta | ||
| 008 | 070813s g b000 u 297 u | ||
| 040 | _aCotton College Assam | ||
| 041 | _a297 | ||
| 082 |
_a297.15 _bNa 113 Du |
||
| 100 | _aNadwi, Syed Suleman . | ||
| 245 | 0 |
_aDurusul Adab / _cSyed Suleman Nadwi. _hTextual Documents |
|
| 250 | _a1st ed. / | ||
| 260 |
_aLucknow : _bShiwali Book Depot. , _cNd. |
||
| 300 |
_a32p. ; _c22cm. |
||
| 653 | _aReligious Literature | ||
| 653 | _aG-Arabic & Persian | ||
| 942 |
_2ddc _cBK |
||
| 999 |
_c39139 _d39139 |
||